| 000 | 00000nam##2200000za#4500 |
| 001 | 9.575061 |
| 003 | CaOODSP |
| 005 | 20210624184501 |
| 007 | cr ||||||||||| |
| 008 | 150406|2004||||xxc|||||o f|0| 0 eng|d |
| 022 | |a1488-5379 |
| 040 | |aCaOODSP|beng |
| 043 | |an-cn--- |
| 086 | 1 |aFs97-6/2571E-PDF |
| 110 | 1 |aCanada. |bDepartment of Fisheries and Oceans. |
| 245 | 10|aPreliminary study of the diel variation of ascidian larvae concentrations in Prince Edward Island / |h[electronic resource]|cby D. Bourque ... [et al.] |
| 260 | |aMoncton - New Brunswick : |bFisheries and Oceans Canada |cc2004. |
| 300 | |a24p.|bfigs., references, tables |
| 490 | 1 |aCanadian technical report of fisheries and aquatic sciences|x1488-5379|vNo. 2571 |
| 500 | |aThe catalogue number and ISSN for the print edition appear in this electronic version. |
| 590 | |a12-37-Supp|b2012-09-24 |
| 720 | 1 |aBourque, D. |
| 830 | #0|aCanadian technical report of fisheries and aquatic sciences,|x1488-5379|vNo. 2571|w(CaOODSP)9.504449 |
| 856 | 40|ahttp://publications.gc.ca|qPDF|s163 KB|uhttps://publications.gc.ca/collections/collection_2012/mpo-dfo/Fs97-6-2571-eng.pdf|yNo. 2571 |